[Event "Barcelona Sant Marti op-B 21st"]
[Site "Barcelona"]
[Date "2019.07.13"]
[Round "1"]
[White "Cornejo Vera, Danilo"]
[Black "Garcia Miralles, Eduard"]
[Result "1-0"]
[WhiteElo "1879"]
[BlackElo "1543"]
[PlyCount "29"]
[EventDate "2019.07.13"]
[EventType "swiss"]
[EventRounds "9"]
[EventCountry "ESP"]
[SourceTitle "EXT 2020"]
[Source "ChessBase"]
[SourceDate "2019.10.17"]
[SourceVersion "1"]
[SourceVersionDate "2019.10.17"]
[SourceQuality "1"]

1. Nf3 Nf6 2. c4 e6 3. Nc3 Bb4 4. Qc2 0-0 5. b3 c5 6. Bb2 Nc6 7. e3 d6 8. Ng5 h6 9. h4 Bxc3 10. Bxc3 e5 11. f4 Re8 12. 0-0-0 Bg4 13. Bd3 Nb4 14. Bh7+ Kh8 15. Nxf7# 1-0

[Event "Barcelona Canovelles U2200 op"]
[Site "Barcelona"]
[Date "2018.12.29"]
[Round "5.10"]
[White "Cornejo Vera, Danilo"]
[Black "Fernandez Diaz Mascort, Miguel"]
[Result "0-1"]
[WhiteElo "1796"]
[BlackElo "2046"]
[PlyCount "62"]
[EventDate "2018.12.27"]
[EventType "swiss"]
[EventRounds "8"]
[EventCountry "ESP"]
[SourceTitle "EXT 2024"]
[Source "ChessBase"]
[SourceDate "2023.10.10"]
[SourceVersion "1"]
[SourceVersionDate "2023.10.10"]
[SourceQuality "1"]

1. Nf3 c5 2. c4 Nc6 3. Nc3 g6 4. b3 Bg7 5. Bb2 Nf6 6. e3 0-0 7. Qb1 d5 8. Nxd5 Nxd5 9. Bxg7 Kxg7 10. cxd5 Qxd5 11. Bc4 Qd6 12. Qb2+ e5 13. h4 h6 14. Rd1 Bg4 15. Be2 f6 16. d4 cxd4 17. 0-0 Rfd8 18. Nxd4 exd4 19. Bxg4 d3 20. Rd2 Qb4 21. f4 Qb6 22. Rf3 h5 23. Bh3 Rd6 24. Rg3 Re8 25. Kf2 Re4 26. f5 Ne5 27. fxg6 Rxh4 28. Kf1 Re4 29. Kf2 h4 30. Rf3 Nxf3 31. gxf3 Qxe3+ 0-1

[Event "Sabadell Coral Colon op 12th"]
[Site "Sabadell"]
[Date "2018.04.13"]
[Round "9"]
[White "Cruz, Jefferson"]
[Black "Cornejo Vera, Danilo"]
[Result "1-0"]
[WhiteElo "1923"]
[BlackElo "1730"]
[PlyCount "57"]
[EventDate "2018.02.09"]
[EventType "swiss"]
[EventRounds "9"]
[EventCountry "ESP"]
[SourceTitle "EXT 2019"]
[Source "ChessBase"]
[SourceDate "2018.10.10"]
[SourceVersion "1"]
[SourceVersionDate "2018.10.10"]
[SourceQuality "1"]

1. d4 d5 2. c4 e6 3. Nc3 c6 4. e4 Bb4 5. e5 f6 6. Nf3 Nd7 7. Bd3 dxc4 8. Bxc4 Nb6 9. Bb3 Nd5 10. Bd2 Bd7 11. 0-0 a5 12. Nxd5 cxd5 13. Bxb4 axb4 14. Qd2 Qe7 15. Rac1 Bc6 16. Rc5 Nh6 17. Qxb4 0-0 18. Rfc1 g5 19. exf6 Qxf6 20. Qd2 g4 21. Ne5 Nf5 22. Rd1 Nh4 23. Rc3 h5 24. h3 Kh8 25. hxg4 Rg8 26. g5 Qe7 27. Rh3 Raf8 28. Rxh4 Rxg5 29. Rxh5+ 1-0

[Event "Barcelona Gotic op 1st"]
[Site "Barcelona"]
[Date "2017.06.13"]
[Round "8"]
[White "Nadal Fajardo, Ricard"]
[Black "Cornejo Vera, Danilo"]
[Result "0-1"]
[WhiteElo "2015"]
[BlackElo "1674"]
[PlyCount "70"]
[EventDate "2017.04.25"]
[EventType "swiss"]
[EventRounds "9"]
[EventCountry "ESP"]
[SourceTitle "EXT 2018"]
[Source "ChessBase"]
[SourceDate "2017.10.13"]
[SourceVersion "1"]
[SourceVersionDate "2017.10.13"]
[SourceQuality "1"]

1. e4 c5 2. b3 d6 3. Bb2 Nf6 4. d3 e6 5. f4 Nbd7 6. Nf3 Be7 7. Be2 Nh5 8. Qd2 Bh4+ 9. g3 Bf6 10. Nc3 Be7 11. 0-0-0 Nhf6 12. h3 b6 13. g4 Bb7 14. g5 Nh5 15. Rdg1 e5 16. f5 Nf4 17. Rg3 h5 18. h4 a6 19. Rhg1 b5 20. Bd1 Qa5 21. Kb1 0-0-0 22. g6 f6 23. Ne2 Qxd2 24. Nxd2 d5 25. Nxf4 exf4 26. Rf3 Bd6 27. exd5 Bxd5 28. Ne4 Bc7 29. Re1 Ne5 30. Rff1 Ng4 31. Bf3 Ne3 32. Rf2 Nxf5 33. Rh2 Bxe4 34. Bxe4 Ng3 35. Re3 Rhe8 0-1

[Event "Barcelona Gotic op 1st"]
[Site "Barcelona"]
[Date "2017.05.23"]
[Round "5"]
[White "Cornejo Vera, Danilo"]
[Black "Costa Trave, Jaume"]
[Result "0-1"]
[WhiteElo "1674"]
[BlackElo "1985"]
[PlyCount "82"]
[EventDate "2017.04.25"]
[EventType "swiss"]
[EventRounds "9"]
[EventCountry "ESP"]
[SourceTitle "EXT 2018"]
[Source "ChessBase"]
[SourceDate "2017.10.13"]
[SourceVersion "1"]
[SourceVersionDate "2017.10.13"]
[SourceQuality "1"]

1. e4 e6 2. d4 d5 3. exd5 exd5 4. Bd3 Bd6 5. Ne2 Nf6 6. 0-0 h6 7. Bf4 Bg4 8. f3 Be6 9. Bxd6 Qxd6 10. Nbc3 c6 11. Qd2 0-0 12. g4 Nh7 13. Ng3 Nd7 14. Nce2 Ndf6 15. Nf5 Bxf5 16. Bxf5 g6 17. Bd3 Kg7 18. a4 Rae8 19. Rae1 Ng5 20. h4 Ne6 21. b4 Re7 22. Rf2 Rfe8 23. Rg2 Nxd4 24. Rf1 Nxe2+ 25. Bxe2 Qe5 26. g5 hxg5 27. hxg5 Nh5 28. f4 Qe3+ 29. Qxe3 Rxe3 30. Bxh5 gxh5 31. f5 R8e4 32. Rb1 h4 33. Kh2 Rf4 34. f6+ Kg6 35. b5 c5 36. Rd1 d4 37. Rd3 Rxd3 38. cxd3 Rf3 39. Rc2 b6 40. a5 Rxd3 41. axb6 axb6 0-1

[Event "Llinars del Valles op-A 9th"]
[Site "Llinars del Valles"]
[Date "2015.05.09"]
[Round "5"]
[White "Riera Morilla, Elizabeth"]
[Black "Cornejo Vera, Danilo"]
[Result "1-0"]
[WhiteElo "1994"]
[BlackElo "1723"]
[PlyCount "65"]
[EventDate "2015.04.11"]
[EventType "swiss"]
[EventRounds "9"]
[EventCountry "ESP"]
[SourceTitle "EXT 2016"]
[Source "ChessBase"]
[SourceDate "2015.10.08"]
[SourceVersion "1"]
[SourceVersionDate "2015.10.08"]
[SourceQuality "1"]

1. e4 c5 2. Nf3 e6 3. d4 cxd4 4. Nxd4 Nf6 5. Bd3 Nc6 6. Nb3 Qc7 7. 0-0 a6 8. a4 b6 9. f4 d6 10. Nc3 Bb7 11. Be3 h5 12. h3 h4 13. Be2 Be7 14. Bf3 Rd8 15. a5 Nd7 16. f5 Nce5 17. fxe6 fxe6 18. Bh5+ g6 19. Bg4 Nc5 20. axb6 Qxb6 21. Bxe6 Bg5 22. Bd4 Ke7 23. Bd5 Rdf8 24. Bxb7 Qxb7 25. Nxc5 dxc5 26. Bxc5+ Ke8 27. Rxf8+ Rxf8 28. Bxf8 Qb6+ 29. Kh1 Kxf8 30. Qf1+ Kg7 31. Rxa6 Qe3 32. Re6 Qg3 33. Ne2 1-0

[Event "Llinars del Valles op-A 9th"]
[Site "Llinars del Valles"]
[Date "2015.05.02"]
[Round "4"]
[White "Cornejo Vera, Danilo"]
[Black "Pellicer Roncero, Nestor"]
[Result "0-1"]
[WhiteElo "1723"]
[BlackElo "1843"]
[PlyCount "97"]
[EventDate "2015.04.11"]
[EventType "swiss"]
[EventRounds "9"]
[EventCountry "ESP"]
[SourceTitle "EXT 2016"]
[Source "ChessBase"]
[SourceDate "2015.10.08"]
[SourceVersion "1"]
[SourceVersionDate "2015.10.08"]
[SourceQuality "1"]

1. Nf3 g6 2. g3 Bg7 3. d4 f5 4. Bg2 Nf6 5. c4 0-0 6. Nbd2 d6 7. Qb3 h6 8. Nh4 Kh7 9. 0-0 Nc6 10. d5 Nd4 11. Qd3 e5 12. dxe6 Nxe6 13. Bd5 Nc5 14. Qc2 Nxd5 15. cxd5 Qe8 16. Rb1 Qxe2 17. b4 Nd3 18. Rb3 Nxc1 19. Re3 Qb5 20. Qxc1 Qxd5 21. Nb3 f4 22. Re7 Rf7 23. Rd1 Qxd1+ 24. Qxd1 Rxe7 25. Qc2 Bh3 26. Qxg6+ Kg8 27. Nf3 Rae8 28. Qb1 fxg3 29. hxg3 Bg4 30. Nbd2 Re2 31. Kg2 Bxf3+ 32. Nxf3 Rb2 33. Qc1 Ree2 34. Qc4+ Kh8 35. Nh4 Rxf2+ 36. Kg1 Rfc2 37. Ng6+ Kh7 38. Nf8+ Bxf8 39. Qe4+ Kg7 40. Qg4+ Kf6 41. Qf4+ Ke6 42. Qe4+ Kd7 43. Qf5+ Ke7 44. Qe4+ Kd7 45. Qf5+ Ke7 46. Qe4+ Kd8 47. Qe1 Rg2+ 48. Kh1 Rh2+ 49. Kg1 0-1

[Event "Llinars del Valles op-A 9th"]
[Site "Llinars del Valles"]
[Date "2015.04.25"]
[Round "3"]
[White "Cornejo Vera, Danilo"]
[Black "Camus, Adrian Hugo"]
[Result "0-1"]
[WhiteElo "1723"]
[BlackElo "1940"]
[PlyCount "118"]
[EventDate "2015.04.11"]
[EventType "swiss"]
[EventRounds "9"]
[EventCountry "ESP"]
[SourceTitle "EXT 2016"]
[Source "ChessBase"]
[SourceDate "2015.10.08"]
[SourceVersion "1"]
[SourceVersionDate "2015.10.08"]
[SourceQuality "1"]

1. d4 d5 2. Bg5 Nf6 3. Bxf6 exf6 4. Nf3 Bd6 5. g3 Be6 6. Bg2 Qd7 7. Nbd2 Nc6 8. a4 Bh3 9. 0-0 h5 10. c4 h4 11. cxd5 Nb4 12. Bxh3 Qxh3 13. Ne4 hxg3 14. Nxd6+ cxd6 15. fxg3 0-0 16. e4 a5 17. Qd2 Rfe8 18. Rfe1 Qg4 19. Kg2 Rxe4 20. h3 Qg6 21. Ra3 Rxe1 22. Nxe1 Qe4+ 23. Nf3 Nxd5 24. Kf2 Rc8 25. Ne1 Qh1 26. h4 Qe4 27. Rd3 b6 28. Qe2 Qf5+ 29. Qf3 Qe6 30. Rd2 Nb4 31. d5 Qd7 32. Qb3 Rc5 33. Ng2 Qf5+ 34. Qf3 Qxf3+ 35. Kxf3 Rxd5 36. Rxd5 Nxd5 37. Ke4 Nb4 38. Kd4 Kf8 39. Ne3 g6 40. Nc4 Ke7 41. Nxb6 Ke6 42. Nc4 Nc6+ 43. Kc3 d5 44. Nd2 Kf5 45. Kd3 Kg4 46. Nf1 Kf3 47. Ne3 Nb4+ 48. Kd4 Kxg3 49. Nf5+ Kg4 50. Nh6+ Kxh4 51. Nxf7 g5 52. Nh6 g4 53. Nf5+ Kg5 54. Ng3 f5 55. Ne2 f4 56. Ke5 f3 57. Ng3 f2 58. b3 Kh4 59. Nf5+ Kh3 0-1

[Event "Roncana op-A 7th"]
[Site "Santa Eulalia de Roncana"]
[Date "2013.11.30"]
[Round "8"]
[White "Rosas Lopez, Marc"]
[Black "Cornejo Vera, Danilo"]
[Result "0-1"]
[WhiteElo "1609"]
[BlackElo "1692"]
[PlyCount "104"]
[EventDate "2013.10.05"]
[EventType "swiss"]
[EventRounds "8"]
[EventCountry "ESP"]
[SourceTitle "CBM 157 Extra"]
[Source "ChessBase"]
[SourceDate "2013.12.19"]
[SourceVersion "1"]
[SourceVersionDate "2013.12.19"]
[SourceQuality "1"]

1. e4 g6 2. d4 Bg7 3. c4 Nf6 4. Nc3 d6 5. f4 0-0 6. Be2 Nc6 7. Nf3 Re8 8. 0-0 e5 9. d5 Nd4 10. fxe5 dxe5 11. c5 Qe7 12. Bg5 Qxc5 13. Nxd4 Qxd4+ 14. Qxd4 exd4 15. Bxf6 dxc3 16. Bxg7 Kxg7 17. Bd3 cxb2 18. Rab1 Re5 19. Rxb2 f5 20. exf5 gxf5 21. Bc4 b6 22. Bb5 Bb7 23. Rc2 Bxd5 24. Rxc7+ Kg6 25. Bc6 Bxc6 26. Rxc6+ Kg5 27. Rc7 h5 28. Rc4 Re4 29. Rxe4 fxe4 30. Rf7 a5 31. Kf1 Rc8 32. Rb7 a4 33. Rxb6 Kf4 34. Rb2 Ke3 35. Re2+ Kd3 36. h3 e3 37. g4 Rc1+ 38. Re1 Rc5 39. Re2 Ke4 40. Kg2 Rd5 41. Kg3 hxg4 42. h4 Rd2 43. Re1 Rf2 44. h5 Kd3 45. Rd1+ Kc2 46. Rd8 Rf5 47. Kxg4 Re5 48. h6 e2 49. h7 e1Q 50. h8Q Qb4+ 51. Kf3 Qe4+ 52. Kf2 Qf4+ 0-1

[Event "Roncana op-A 7th"]
[Site "Santa Eulalia de Roncana"]
[Date "2013.10.26"]
[Round "4"]
[White "Alfonso Nogue, Alfonso"]
[Black "Cornejo Vera, Danilo"]
[Result "0-1"]
[WhiteElo "2056"]
[BlackElo "1692"]
[PlyCount "104"]
[EventDate "2013.10.05"]
[EventType "swiss"]
[EventRounds "8"]
[EventCountry "ESP"]
[SourceTitle "CBM 157 Extra"]
[Source "ChessBase"]
[SourceDate "2013.12.19"]
[SourceVersion "1"]
[SourceVersionDate "2013.12.19"]
[SourceQuality "1"]

1. d4 e6 2. c4 b6 3. Nc3 Bb4 4. e4 Bb7 5. f3 Nf6 6. Bg5 h6 7. Bh4 g5 8. Bf2 Qe7 9. Qc2 d5 10. cxd5 exd5 11. e5 Nh5 12. h4 Nf4 13. hxg5 Qxg5 14. g3 Ne6 15. f4 Qe7 16. Nf3 Nd7 17. Nh4 0-0-0 18. 0-0-0 Bxc3 19. Qxc3 Kb8 20. Nf5 Qf8 21. Kb1 f6 22. Nh4 fxe5 23. Ng6 Qf5+ 24. Qc2 Qxc2+ 25. Kxc2 Rh7 26. Nxe5 Nxe5 27. dxe5 d4 28. Bd3 Bxh1 29. Bxh7 Bf3 30. Rd2 c5 31. Bd3 h5 32. Bf5 Ng7 33. Bg6 Ne6 34. Bf7 Be4+ 35. Kc1 Bf5 36. Bxh5 Rh8 37. g4 Nxf4 38. gxf5 Rxh5 39. e6 Kc8 40. Bg3 Rxf5 41. Rh2 Nxe6 42. Rh7 Rf3 43. Bd6 Rf1+ 44. Kc2 Rf2+ 45. Kd3 Rxb2 46. Rxa7 b5 47. Ke4 Re2+ 48. Kd5 d3 49. Kc6 Nd8+ 50. Kb6 Ne6 51. Kc6 Nd4+ 52. Kxc5 d2 0-1

[Event "Llinars del Valles op-B 7th"]
[Site "Llinars del Valles"]
[Date "2013.06.01"]
[Round "7"]
[White "Villa Cardenas, Jorge"]
[Black "Cornejo Vera, Danilo"]
[Result "0-1"]
[WhiteElo "1648"]
[BlackElo "1700"]
[PlyCount "58"]
[EventDate "2013.04.13"]
[EventType "swiss"]
[EventRounds "7"]
[EventCountry "ESP"]
[SourceTitle "CBM 154 Extra"]
[Source "ChessBase"]
[SourceDate "2013.06.25"]
[SourceVersion "2"]
[SourceVersionDate "2013.06.25"]
[SourceQuality "1"]

1. d4 c5 2. Nf3 Nf6 3. c3 g6 4. g3 Bg7 5. Bg2 0-0 6. 0-0 Re8 7. Qc2 d5 8. Bf4 cxd4 9. cxd4 Nc6 10. a3 Qb6 11. Nc3 Bf5 12. Qd2 Ne4 13. Nxe4 dxe4 14. Nh4 Nxd4 15. Rad1 e5 16. Nxf5 gxf5 17. Bg5 Qg6 18. f4 f6 19. fxe5 Rad8 20. Qe3 Qxg5 21. Qf2 fxe5 22. Bxe4 fxe4 23. Qf7+ Kh8 24. Qc7 Nxe2+ 25. Kg2 Rxd1 26. Rxd1 Nf4+ 27. Kh1 Qg4 28. Rf1 Qe2 29. Rg1 Qf3+ 0-1

[Event "Llinars del Valles op-B 7th"]
[Site "Llinars del Valles"]
[Date "2013.05.04"]
[Round "4"]
[White "Cornejo Vera, Danilo"]
[Black "Pozanco Villalba, Victor"]
[Result "1-0"]
[WhiteElo "1700"]
[BlackElo "1405"]
[PlyCount "49"]
[EventDate "2013.04.13"]
[EventType "swiss"]
[EventRounds "7"]
[EventCountry "ESP"]
[SourceTitle "CBM 154 Extra"]
[Source "ChessBase"]
[SourceDate "2013.06.25"]
[SourceVersion "2"]
[SourceVersionDate "2013.06.25"]
[SourceQuality "1"]

1. e4 Nf6 2. e5 Nd5 3. d4 d6 4. Nf3 Bg4 5. h3 Bh5 6. Bc4 Nb6 7. Be2 dxe5 8. Nxe5 Bxe2 9. Qxe2 Qxd4 10. 0-0 N8d7 11. Nf3 Qc4 12. Qd1 0-0-0 13. Na3 Qa6 14. Qd4 Nf6 15. Qh4 e6 16. Ne5 Be7 17. Nxf7 Nfd5 18. Qg4 Na4 19. Nxh8 Rxh8 20. c4 Bxa3 21. cxd5 Bxb2 22. Bxb2 Nxb2 23. Qxg7 Re8 24. dxe6 Nd3 25. Qd7+ 1-0

[Event "Llinars del Valles op-B 7th"]
[Site "Llinars del Valles"]
[Date "2013.04.13"]
[Round "1"]
[White "Romera Gonzalez, Miquel Angel"]
[Black "Cornejo Vera, Danilo"]
[Result "0-1"]
[WhiteElo "1388"]
[BlackElo "1700"]
[PlyCount "41"]
[EventDate "2013.04.13"]
[EventType "swiss"]
[EventRounds "7"]
[EventCountry "ESP"]
[SourceTitle "CBM 154 Extra"]
[Source "ChessBase"]
[SourceDate "2013.06.25"]
[SourceVersion "2"]
[SourceVersionDate "2013.06.25"]
[SourceQuality "1"]

1. e4 c5 2. Nc3 a6 3. f4 e6 4. Nf3 Nc6 5. Bc4 Qc7 6. d4 b5 7. Be2 cxd4 8. Nxd4 Bb7 9. 0-0 Nxd4 10. Be3 Nxe2+ 11. Qxe2 b4 12. Na4 Bxe4 13. Bb6 Qxc2 14. Qxc2 Bxc2 15. b3 Be4 16. Rac1 Nf6 17. Rc4 Bd3 18. Rfc1 Bxc4 19. Rxc4 Be7 20. Nb2 0-0 21. Nd3 0-1

[Event "Roncana op 6th"]
[Site "Santa Eulalia de Roncana"]
[Date "2012.10.06"]
[Round "1"]
[White "Alfonso Nogue, Alfonso"]
[Black "Cornejo Vera, Danilo"]
[Result "1-0"]
[WhiteElo "2059"]
[BlackElo "1683"]
[PlyCount "55"]
[EventDate "2012.10.06"]
[EventType "swiss"]
[EventRounds "8"]
[EventCountry "ESP"]
[SourceTitle "EXT 2014"]
[Source "ChessBase"]
[SourceDate "2013.11.20"]
[SourceVersion "1"]
[SourceVersionDate "2013.11.20"]
[SourceQuality "1"]

1. d4 Nf6 2. c4 g6 3. Nc3 d5 4. cxd5 Nxd5 5. e4 Nxc3 6. bxc3 Bg7 7. Bc4 c5 8. Ne2 0-0 9. 0-0 Qa5 10. h3 e6 11. Be3 b5 12. Bd3 c4 13. Bc2 Rd8 14. f4 Nc6 15. f5 gxf5 16. exf5 exf5 17. Bxf5 Bxf5 18. Rxf5 Ne7 19. Rf3 Rd6 20. Qc2 Nd5 21. Raf1 Nxe3 22. Rxe3 Qb6 23. Ref3 Rf8 24. Ng3 Bxd4+ 25. cxd4 Rxd4 26. Kh1 b4 27. Nf5 Qc5 28. Qf2 1-0

[Event "Roncana op-A 5th"]
[Site "Santa Eulalia de Roncana"]
[Date "2011.11.05"]
[Round "5"]
[White "Canovas Pardo, Jordi"]
[Black "Cornejo Vera, Danilo"]
[Result "1/2-1/2"]
[WhiteElo "1764"]
[BlackElo "1705"]
[PlyCount "146"]
[EventDate "2011.10.01"]
[EventType "swiss"]
[EventRounds "8"]
[EventCountry "ESP"]
[SourceTitle "EXT 2013"]
[Source "ChessBase"]
[SourceDate "2012.11.22"]
[SourceVersion "1"]
[SourceVersionDate "2012.11.22"]
[SourceQuality "1"]

1. d4 f5 2. e3 Nf6 3. Nf3 d5 4. c4 e6 5. cxd5 Qxd5 6. Nc3 Bb4 7. Bd2 Bxc3 8. Bxc3 0-0 9. Be2 Nbd7 10. 0-0 Ne4 11. Qc2 c6 12. b3 b5 13. Rac1 Bb7 14. Bb4 Rfc8 15. Rfd1 a5 16. Be7 h6 17. Bh4 Kf7 18. Bg3 a4 19. b4 a3 20. Ne5+ Kf6 21. Nxd7+ Qxd7 22. Be5+ Kf7 23. Bd3 Qd5 24. Qe2 g6 25. f3 Nf6 26. Bc2 Qxa2 27. Ra1 Qc4 28. Qxc4 bxc4 29. Bxf6 Kxf6 30. Ra2 Ra7 31. f4 Rb8 32. Rb1 Bc8 33. Kf2 g5 34. g3 g4 35. Ke2 Ke7 36. Kd2 Kd6 37. Kc3 Kd5 38. Re1 h5 39. e4+ Kd6 40. Kxc4 fxe4 41. Bxe4 Ra4 42. Rb1 Ba6+ 43. Kc3 Bc8 44. Rb3 Bd7 45. Raxa3 Rbxb4 46. Rxa4 Rxa4 47. Bg6 Ra5 48. Be4 Ra2 49. Rb2 Ra5 50. Rb3 c5 51. dxc5+ Kxc5 52. Bg6 Kd6 53. Rb2 Rd5 54. Rd2 Bb5 55. Bxh5 Rxd2 56. Kxd2 e5 57. fxe5+ Kxe5 58. Bxg4 Kf6 59. h4 Be8 60. Ke3 Kg6 61. Kf4 Bf7 62. Ke5 Bc4 63. Bf3 Bb3 64. g4 Bc4 65. Be4+ Kg7 66. h5 Bf7 67. Bf3 Bxh5 68. gxh5 Kh6 69. Kf6 Kh7 70. Kg5 Kg7 71. Be4 Kf7 72. Bg6+ Kg7 73. h6+ Kg8 1/2-1/2

[Event "Roncana op-A 5th"]
[Site "Santa Eulalia de Roncana"]
[Date "2011.10.22"]
[Round "4"]
[White "Cornejo Vera, Danilo"]
[Black "Guix Torres, David"]
[Result "0-1"]
[WhiteElo "1705"]
[BlackElo "1997"]
[PlyCount "76"]
[EventDate "2011.10.01"]
[EventType "swiss"]
[EventRounds "8"]
[EventCountry "ESP"]
[SourceTitle "EXT 2013"]
[Source "ChessBase"]
[SourceDate "2012.11.22"]
[SourceVersion "1"]
[SourceVersionDate "2012.11.22"]
[SourceQuality "1"]

1. d4 d5 2. c4 dxc4 3. Qa4+ Nc6 4. e3 Bd7 5. Qxc4 e6 6. Bd2 Nf6 7. b4 a6 8. Bd3 Bd6 9. e4 e5 10. Nf3 exd4 11. Nxd4 Be5 12. Nxc6 Bxc6 13. Nc3 Qd6 14. 0-0-0 0-0 15. g3 Bb5 16. Nxb5 axb5 17. Qb3 Qc6+ 18. Kb1 Nxe4 19. Qc2 Qxc2+ 20. Bxc2 Nxf2 21. Rdf1 Nxh1 22. Rxh1 Rfd8 23. Be1 Rd6 24. Bb3 Rad8 25. Rf1 Rf6 26. Rh1 b6 27. g4 Rf3 28. h4 Bc3 29. Bxc3 Rxc3 30. Rf1 Rd7 31. h5 h6 32. g5 hxg5 33. Rg1 g4 34. Rxg4 Kh7 35. Rg5 c5 36. bxc5 Rxc5 37. Rxc5 bxc5 38. Kc1 c4 0-1